Tìm hiểu luật kiểm toán Nhà nước
v.v...
Đã lưu trong:
| Định dạng: | Sách |
|---|---|
| Năm xuất bản: |
H.
Lao động xã hội
2006
|
| Chủ đề: | |
| Tags: |
Thêm thẻ
Không có thẻ, Hãy là người đầu tiên gắn thẻ bản ghi này!
|
| LEADER | 00912nam a2200193 4500 | ||
|---|---|---|---|
| 082 | |a 343.034 |b L504k. | ||
| 100 | |a | ||
| 245 | |a Tìm hiểu luật kiểm toán Nhà nước |c Nước Cộng hòa Xã hội Chủ nghĩa Việt Nam | ||
| 260 | |a H. |b Lao động xã hội |c 2006 | ||
| 300 | |a 56 tr. |c 19 cm | ||
| 520 | |a v.v... | ||
| 653 | |a Pháp luật | ||
| 653 | |a Việt Nam | ||
| 653 | |a Luật kiểm toán | ||
| 942 | |2 ddc |c STK0 | ||
| 999 | |c 9668 |d 9668 | ||
| 952 | |0 0 |1 0 |2 ddc |4 0 |6 343_034000000000000_L504K |7 0 |8 300 |9 76535 |a qbu |b qbu |c D2 |d 2015-05-25 |g 6000 |o 343.034 L504k. |p 9533.c1 |r 0000-00-00 |w 2015-05-25 |y STK0 | ||
| 952 | |0 0 |1 0 |2 ddc |4 0 |6 343_034000000000000_L504K |7 0 |8 300 |9 76536 |a qbu |b qbu |c D2 |d 2015-05-25 |g 6000 |o 343.034 L504k. |p 9533.c2 |r 0000-00-00 |w 2015-05-25 |y STK0 | ||
| 952 | |0 0 |1 0 |2 ddc |4 0 |6 343_034000000000000_L504K |7 0 |8 300 |9 76537 |a qbu |b qbu |c D2 |d 2015-05-25 |g 6000 |o 343.034 L504k. |p 9533.c3 |r 0000-00-00 |w 2015-05-25 |y STK0 | ||